000 00570nam a2200217Ia 4500
005 20241129115603.0
008 241129s9999||||xx |||||||||||||| ||und||
020 _a9789389386066
037 _aTB
040 _aSDCL
_beng
_cSDCL
041 _aeng
_2eng
084 _aR694 R2
_qSDCL
100 _aHurong Bhikkuni Gioi
_9727787
245 0 _aRebirth views in the surangama sutra
260 _aDelhi
_bEastern Book Linkers
_c2022
300 _a1,438p
365 _aINR
_b1250
650 _aSanskrit
942 _cTB
_hR694 R2
999 _c1231106
_d1231106